Song Title Translation - German - Statistics

General Stats
  • This quiz has been taken 11,764 times
  • The average score is 12 of 20
Answer Stats
German English % Correct
Drei Blinde Mäuse Three Blind Mice
90%
Stille Nacht Silent Night
87%
Amerikanische Frau American Woman
86%
Was ist Liebe What is Love
79%
Ich und Herr Jones Me and Mr. Jones
77%
O Tannenbaum O Christmas Tree
71%
Ring aus Feuer Ring of Fire
71%
Willkommen im Dschungel Welcome to the Jungle
68%
Klavier Mann Piano Man
67%
Schöner Tag Beautiful Day
64%
Was Für eine Wunderbare Welt What a Wonderful World
64%
Schwarze Magie Frau Black Magic Woman
59%
Süßes Kind von Mir Sweet Child O' Mine
53%
Tanzen mit meinem Vater Dance with my Father
50%
Tanzen auf der Straße Dancing in the Street
50%
Entzünde mein Feuer Light My Fire
47%
Körper und Seele Body and Soul
45%
Ich bin auf einem Boot I'm On a Boat
39%
Freitags bin ich Verliebt Friday, I'm In Love
38%
Lassen die Guten Zeiten Gehen Let the Good Times Roll
28%
No matching quizzes found
Score Distribution
Percent of People with Each Score
Percentile by Number Answered
Your Score History
You have not taken this quiz